| 000 | 00822nam a22002417a 4500 | ||
|---|---|---|---|
| 003 | dpl | ||
| 005 | 20180809135702.0 | ||
| 008 | 180809b xxu||||| |||| 00| 0 eng d | ||
| 010 | _aA-935778 | ||
| 020 | _c150.00 | ||
| 035 | _aA-935778, A-935782 | ||
| 037 | _bCen Lib/Ret | ||
| 040 |
_aDPL _bEN _c0 |
||
| 082 |
_a230.35 _bDIV |
||
| 245 |
_aDivine grace of sri shirdi sai baba : _cedited by S.p. Ruhela _bthrilling experiance of sai devotes in the post-samadhi period (1918-1997) / |
||
| 260 |
_aNew Delhi _bDiamond Pocket Books _c1997 |
||
| 270 |
_bNew Delhi _aX-30, okhla industrial area, phse-2 _e110020 |
||
| 300 |
_axiv, 331p. _c20cm(Hb) |
||
| 650 |
_aHindu religion _910791 |
||
| 650 |
_aGrace _xShirdi sai baba _910792 |
||
| 700 |
_aRuhela, S.P. _910781 |
||
| 942 |
_2ddc _cEN _h230.35 _mDIV |
||
| 999 |
_c124444 _d124444 |
||